000 00271nam a22001457a 4500
999 _c160231
_d160231
082 _a
_b
245 _aThe aitareya brahmana (v.1)/
260 _aDelhi:
_bNag,
_c1991.
300 _a
490 _a
600 _a
650 _a
_v
700 _a
942 _cBK